Đang tải...

Beyond orientalism/

Chi tiết về thư mục
Tác giả khác: Eli Franco, Karin Preisendanz
Định dạng: Printed Book
Được phát hành: New Delhi: Motilal Banarsidass, 2007.
Những chủ đề:
LEADER 00608nam a22001811a 4500
020 |a 9788120831100 
082 |a 181  |b ELI/B 
245 |a Beyond orientalism/  |c edited by Eli Franco and Karin Preisendanz. 
260 |a New Delhi:  |b Motilal Banarsidass,  |c 2007. 
300 |a 673p. 
650 |a Orientalism 
650 |a Philosophy Ancient 
650 |a Philosophy 
700 |a Eli Franco  
700 |a Karin Preisendanz 
942 |c BK 
999 |c 4498  |d 4498 
952 |0 0  |1 0  |4 0  |6 181_000000000000000_ELI_B  |7 0  |9 6829  |a SSUS  |b SSUS  |c STACKS  |d 2015-01-08  |g 895.00  |l 1  |o 181 ELI/B  |p 056929  |r 2016-10-03  |s 2016-09-24  |v 0.00  |w 2015-01-08  |y BK